000 00324nam a22001337a 4500
020 _a978-93-80236-61-5
041 _aENG
100 _akushwaha.K.S
245 _aObjective Agriculture Statistics
260 _aNew Delhi
_bNew India Publishing Agency
_c2011
300 _a310
650 _aUPCS
856 _uCompetitive Exam
999 _c208
_d208